| 000 | 03074nam a2200301 a 4500 | ||
|---|---|---|---|
| 003 | OSt | ||
| 005 | 20251105115110.0 | ||
| 007 | cr ||||||a|c|a | ||
| 008 | 230607s2019 mx a|||fom||| 001 0 spa d | ||
| 040 | _erda | ||
| 100 | 1 |
_9132858 _aRamírez Barraza, Vanessa |
|
| 245 | 1 | 0 |
_aAnálisis de pobreza multidimensional y desigualdad de ingresos en México con un enfoque territorial 2008-2018 / _cpor Vanessa Ramírez Barraza; director de tesis Francisco Pérez Soto. |
| 264 | 1 |
_aChapingo, México : _bEl autor, _c2019. |
|
| 300 |
_a1 recurso en línea ( 94 páginas): _bcuadros, figuras. |
||
| 336 |
_2rdacontent _atexto _btxt |
||
| 337 |
_2rdamedia _acomputadora _bc |
||
| 338 |
_2rdacarrier _arecurso en línea _bcr |
||
| 502 |
_bMCEARN _cDICEA _d2019. _gMAE |
||
| 504 | _aIncluye referencias bibliográficas: páginas 74-78. | ||
| 520 | _aEn México históricamente la pobreza y la desigualdad son dos de los problemas socioeconómicos más presentes. Los últimos índices de pobreza indican que el 49.1% de la población se encuentra en condiciones de pobreza, un porcentaje sumamente alto de personas que son vulnerables ya sea por ingresos o por carencias sociales. Esto limita el bienestar tanto económico como social de la mayoría de la población e incurre en desigualdades que si las cuantificamos corresponden al 46% de desigualdad en ingresos. Por tal motivo el presente trabajo tuvo como propósito analizar los cambios en la pobreza y desigualdad a nivel estatal y nacional en México del 2008 al 2018, e identificar el papel que juega la distribución geográfica en la concentración de pobreza y desigualdad. Para lo cual se empleó la Encuesta Nacional de Ingresos y Gastos de los Hogares y la base de datos de los resultados de pobreza en México a nivel nacional y por entidad federativa. Se utilizaron dos métodos, el índice de Gini para identificar las desigualdades y un método comparativo para la pobreza. Los resultados mostraron que la pobreza se redujo en 2.4% en 10 años, sin embargo, la pobreza por zonas geográficas registró un aumento de 2.9% en el sureste de México. Las desigualdades disminuyeron un 5.4% en todo el territorio mexicano, pero la población vulnerable por ingresos registró un notable aumento de 2.2%. Se concluyó que la pobreza disminuyó, sin embargo, en algunas zonas geográficas del país aumentó, como es el caso del sureste. La distribución de ingresos en el país es sumamente inequitativa y se confirma con los aumentos en población vulnerable por ingresos que se dieron en los últimos 10 años. Por tanto, la ubicación geográfica es una variable fundamental para explicar la pobreza y desigualdad. | ||
| 650 | 4 |
_9132859 _aPobreza _xAspectos sociales _zMéxico |
|
| 650 | 4 |
_928518 _aCostos y nivel de vida |
|
| 650 | 4 |
_9101283 _aSalarios mínimos _xMéxico |
|
| 650 | 4 |
_958408 _aIngresos _zMéxico |
|
| 700 | 0 |
_990046 _aPérez Soto, Francisco _edirector. |
|
| 856 |
_uhttp://10.13.5.2/tesis/tm/Ramirez_Barraza_Vanessa.pdf _zDESCARGAR PDF |
||
| 942 |
_2Clasificación Universidad Autónoma Chapingo _cTD |
||
| 999 |
_c218925 _d218925 |
||